000 00869nam a2200277 i 4500
003 DO-SdBNP
005 20240412143916.0
007 ta
008 240412b2023 dr a|||| |||| 00| 0 spa d
020 _a9789945637144
040 _aDO-SdBNP
_bspa
_cBNPHU
_erda
082 4 _222
100 1 _aÁlvarez Febles, Nelson,
_eautor
_985220
245 1 0 _aCamino de tu ausencia /
_cNelsón Álvarez Febles ; fotos Sonia Fritz
264 _aSanto Domingo :
_bIsla Negra,
_c2023.
300 _a138 páginas :
_bilustraciones ;
_c22 cm.
336 _2rdacontent
_atexto
_btxt
337 _2rdamedia
_asin mediación
_bnc
338 _2rdacarrier
_avolumen
_bnc
490 _aFilo de juego
500 _aIncluye datos biográficos del autor en las solapas
590 _aInventariado, 2024/BT
700 1 _aFritz, Sonia,
_efotos
_985221
910 _aBtavárez
942 _2ddc
_cMTLS
999 _c56381
_d56381